000 00837cam a2200301 4500
001 ABS62049
008 000000n2000 000 0 eng u
035 _a(Sirsi) u104923
245 _aRegional survey: North-east
260 _c2000
490 _aProperty Week
_v65(11) 17 March 2000, 39-56(8)
590 _aABS
650 _aNEWCASTLE UPON TYNE
650 _aNORTH-EAST ENGLAND
650 _aREGENERATION
650 _aPROPERTY-COMMERCIAL PROPERTY-OFFICE PROPERTY-OFFICE PROPERTY MARKET
650 _aRETAIL PROPERTY
650 _aINDUSTRIAL MARKET
650 _aTEESSIDE
650 _aDARLINGTON
650 _aCONSETT
650 _aCOUNTY DURHAM
650 _aTYNE AND WEAR
650 _aDURHAM
650 _aMIDDLESBROUGH
690 _aPROPERTY-COMMERCIAL PROPERTY-COMMERCIAL PROPERTY MARKET
942 _n0
999 _c62946
_d62946